<?xml version="1.0" encoding="UTF-8"?>
<record
    xmlns:xsi="http://www.w3.org/2001/XMLSchema-instance"
    xsi:schemaLocation="http://www.loc.gov/MARC21/slim http://www.loc.gov/standards/marcxml/schema/MARC21slim.xsd"
    xmlns="http://www.loc.gov/MARC21/slim">

  <leader>01295ntm a2200277 a 4500</leader>
  <controlfield tag="001">85212</controlfield>
  <controlfield tag="003">BD-RjUL</controlfield>
  <controlfield tag="005">20250715150459.0</controlfield>
  <controlfield tag="008">250715s2024    bg a|||| m|b| 00| 0 eng d</controlfield>
  <datafield tag="035" ind1=" " ind2=" ">
    <subfield code="a">(BD-RjUL)85212</subfield>
  </datafield>
  <datafield tag="040" ind1=" " ind2=" ">
    <subfield code="a">BD-RjUL</subfield>
    <subfield code="b">eng</subfield>
    <subfield code="c">BD-RjUL</subfield>
    <subfield code="d">BD-RjUL</subfield>
  </datafield>
  <datafield tag="041" ind1=" " ind2=" ">
    <subfield code="a">eng</subfield>
  </datafield>
  <datafield tag="082" ind1=" " ind2=" ">
    <subfield code="2">23</subfield>
    <subfield code="a">302.34302854678 </subfield>
    <subfield code="b">AHU 2024</subfield>
  </datafield>
  <datafield tag="100" ind1="1" ind2=" ">
    <subfield code="a">Ahmed, Md. Tofael </subfield>
    <subfield code="9">230513</subfield>
  </datafield>
  <datafield tag="245" ind1="1" ind2="0">
    <subfield code="a">A Unified Bangla cyberbullying detection technique using machine learning algorithms in social networks /</subfield>
    <subfield code="c"> submitted by Md. Tofael Ahmed ;</subfield>
    <subfield code="6">Supervisor: Dipankkar Das ; Co-Supervisor: Abu Zafor Muhammad Touhidul Islam, Md. Golam Rashed</subfield>
  </datafield>
  <datafield tag="260" ind1=" " ind2=" ">
    <subfield code="a">Rajshahi :</subfield>
    <subfield code="b">Department of Information and Communication Engineering, University of Rajshahi,</subfield>
    <subfield code="c">2024</subfield>
  </datafield>
  <datafield tag="300" ind1=" " ind2=" ">
    <subfield code="a">xvi, 128  leaves :</subfield>
    <subfield code="b">illustrations ;</subfield>
    <subfield code="c">29 cm.</subfield>
  </datafield>
  <datafield tag="502" ind1=" " ind2=" ">
    <subfield code="a">Thesis (Ph. D.) -- Department of Information and Communication Engineering, University of Rajshahi, 2024</subfield>
  </datafield>
  <datafield tag="504" ind1=" " ind2=" ">
    <subfield code="a">Bibliography : leaves 100-118</subfield>
  </datafield>
  <datafield tag="650" ind1=" " ind2=" ">
    <subfield code="a">Cyberbullying </subfield>
    <subfield code="x">Technological innovations.</subfield>
    <subfield code="9">16050</subfield>
  </datafield>
  <datafield tag="650" ind1=" " ind2=" ">
    <subfield code="a">Artificial intelligence </subfield>
    <subfield code="x">Computer programs.</subfield>
    <subfield code="9">16051</subfield>
  </datafield>
  <datafield tag="700" ind1=" " ind2=" ">
    <subfield code="a">Das, Dipankkar, Supervisor</subfield>
    <subfield code="9">16047</subfield>
  </datafield>
  <datafield tag="700" ind1=" " ind2=" ">
    <subfield code="a">Islam, Abu Zafor Muhammad Touhidul, Co-Supervisor</subfield>
    <subfield code="9">16048</subfield>
  </datafield>
  <datafield tag="700" ind1=" " ind2=" ">
    <subfield code="a">Rashed, Md. Golam, Co-Supervisor</subfield>
    <subfield code="9">16049</subfield>
  </datafield>
  <datafield tag="942" ind1=" " ind2=" ">
    <subfield code="2">ddc</subfield>
    <subfield code="c">THE</subfield>
  </datafield>
  <datafield tag="999" ind1=" " ind2=" ">
    <subfield code="c">85212</subfield>
    <subfield code="d">85212</subfield>
  </datafield>
  <datafield tag="952" ind1=" " ind2=" ">
    <subfield code="0">0</subfield>
    <subfield code="1">0</subfield>
    <subfield code="2">ddc</subfield>
    <subfield code="4">0</subfield>
    <subfield code="7">1</subfield>
    <subfield code="8">THESES</subfield>
    <subfield code="a">RUCL</subfield>
    <subfield code="b">RUCL</subfield>
    <subfield code="c">Doc/The</subfield>
    <subfield code="d">2025-07-15</subfield>
    <subfield code="e">Controller of Examination Office, University of Rajshahi, Rajshahi.</subfield>
    <subfield code="l">0</subfield>
    <subfield code="o">THE 302.34302854678  AHU 2024</subfield>
    <subfield code="r">2025-07-15 00:00:00</subfield>
    <subfield code="t">C-1</subfield>
    <subfield code="w">2025-07-15</subfield>
    <subfield code="y">THE</subfield>
  </datafield>
</record>
